Disease prevention through vector control : (Record no. 20249)

MARC details
000 -LEADER
fixed length control field 00474nam a22001457a 4500
008 - FIXED-LENGTH DATA ELEMENTS--GENERAL INFORMATION
fixed length control field 230817b |||||||| |||| 00| 0 eng d
020 ## - INTERNATIONAL STANDARD BOOK NUMBER
International Standard Book Number 978-0855983062
050 ## - LIBRARY OF CONGRESS CALL NUMBER
Classification number RA643
Item number .T46 1995
100 ## - MAIN ENTRY--PERSONAL NAME
Personal name Thomson, Madeleine C.
245 ## - TITLE STATEMENT
Title Disease prevention through vector control :
Remainder of title Guidelines for relief organizations/by
Statement of responsibility, etc. Madeleine C. Thomson
260 ## - PUBLICATION, DISTRIBUTION, ETC. (IMPRINT)
Place of publication, distribution, etc. United Kingdom
Name of publisher, distributor, etc. Oxfam
Date of publication, distribution, etc. 1995
300 ## - PHYSICAL DESCRIPTION
Extent 127p.
440 ## - SERIES STATEMENT/ADDED ENTRY--TITLE
Title Oxfam practical Health guide No. 10
942 ## - ADDED ENTRY ELEMENTS (KOHA)
Source of classification or shelving scheme Library of Congress Classification
Koha item type General Collection
Holdings
Withdrawn status Lost status Source of classification or shelving scheme Not for loan Home library Current library Date acquired Cost, normal purchase price Inventory number Total Checkouts Total Renewals Full call number Barcode Checked out Date last seen Date last checked out Copy number Price effective from Koha item type
    Library of Congress Classification   Kabarak, Main Campus Kabarak, Main Campus 17/08/2023 2385.00 1184/2021 1 1 RA643 .T46 1995 C.2 031091 01/07/2026 02/10/2025 02/10/2025 C.2 17/08/2023 General Collection
    Library of Congress Classification   Kabarak, Main Campus Kabarak, Main Campus 17/08/2023 2385.00 1184/2021     RA643 .T46 1995 C.1 031090   21/08/2023   C.1 17/08/2023 General Collection
Designed with assistance from East African Informatics Ltd